000 00989nam a22003017a 4500
999 _c715
_d715
001 002393
003 CoMeUDC002393
005 20190114202036.0
008 861113s1981 mx b 000 0 spa
010 _a 86223292
020 _a9684326122
040 _aDLC
_cCoMeUDC
_dDLC
043 _an-mx---
050 0 0 _aKGF1479
_b.D66 1981
082 _a346.078
_bD671q
100 2 _aDomínguez del Río, Alfredo.
245 1 0 _aQuiebras :
_bculpable, fraudulenta : ensayo histórico dogmático /
_cAlfredo Domínguez del Río.
250 _a2a ed.
260 _aMéxico :
_bEditorial Porrúa,
_c1981.
300 _a382 p. ;
_c22 cm.
504 _aBibliography: p. 17-20.
650 0 _aBancarota.
_zMexico.
_91049
650 0 _aTransportes fraudulentos.
_zMexico.
_91050
650 0 _aBankruptcy
_zMexico
_xCriminal provisions.
906 _a7
_bcbc
_corignew
_d4
_encip
_f19
_gy-gencatlg
942 _2ddc
_cBK